000 00870nam a2200253Ia 4500
003 OSt
005 20220923222137.0
006 a|||||r|||| 00| 0
007 ta
008 220922b |||||||| |||| 00| 0 hin d
024 _a203,350
037 _cTextual
040 _aARTS
_cARTS
_bhin
041 _2hin
_ahin
082 _aO157,3N09,9, 152M0
100 _aआशापूर्णा, देवी; 0, देवलीना, अनु.
_9166099
245 0 _aगोधुलि
246 _aGodhuli
260 _aनई दिल्ली
_b विद्या प्रका0
_c1980
300 _a280पृ.
_ccm.
650 _aबंगाली साहित्य
_9156264
942 _hO157,3N09,9, 152M0
_cTEXL
_2CC
999 _c354102
_d354102